[Event "Capablanca Memorial op 53rd"]
[Site "Havana"]
[Date "2018.05.16"]
[Round "7"]
[White "Rodriguez Gutierrez, Brayans"]
[Black "Echevarria del Toro, Vladimir"]
[Result "0-1"]
[WhiteElo "2150"]
[BlackElo "2286"]
[PlyCount "44"]
[EventDate "2018.05.09"]
[EventType "swiss"]
[EventRounds "10"]
[EventCountry "CUB"]
[SourceTitle "EXT 2021"]
[Source "ChessBase"]
[SourceDate "2020.10.23"]
[SourceVersion "1"]
[SourceVersionDate "2020.10.23"]
[SourceQuality "1"]

1. d4 Nf6 2. c4 g6 3. g3 Bg7 4. Bg2 0-0 5. Nf3 d6 6. 0-0 Nc6 7. Nc3 a6 8. Re1 Rb8 9. a4 a5 10. e4 Bg4 11. Be3 e5 12. d5 Nb4 13. h3 Bxf3 14. Bxf3 Nd7 15. Na2 Nxa2 16. Rxa2 b6 17. g4 Nc5 18. Bg2 Qd7 19. Ra3 Kh8 20. Bxc5 bxc5 21. Rb3 Bh6 22. Rxb8 Rxb8 0-1

[Event "Capablanca Memorial op 53rd"]
[Site "Havana"]
[Date "2018.05.11"]
[Round "3"]
[White "Echevarria del Toro, Vladimir"]
[Black "Hernandez Gonzalez, William"]
[Result "0-1"]
[WhiteElo "2286"]
[BlackElo "2414"]
[PlyCount "120"]
[EventDate "2018.05.09"]
[EventType "swiss"]
[EventRounds "10"]
[EventCountry "CUB"]
[SourceTitle "EXT 2019"]
[Source "ChessBase"]
[SourceDate "2018.10.10"]
[SourceVersion "1"]
[SourceVersionDate "2018.10.10"]
[SourceQuality "1"]

1. e4 c5 2. Nf3 d6 3. Bb5+ Nd7 4. d4 cxd4 5. Qxd4 a6 6. Bxd7+ Bxd7 7. 0-0 e5 8. Qd3 Rc8 9. Nc3 h6 10. Nd2 Qc7 11. Rd1 Nf6 12. Nf1 Be7 13. Ne3 Be6 14. Ncd5 Nxd5 15. exd5 Bd7 16. c4 0-0 17. Bd2 f5 18. Rac1 f4 19. Nf1 Bf5 20. Qa3 f3 21. gxf3 Qd7 22. Ng3 Bh3 23. Bb4 b6 24. Rd3 a5 25. Bd2 Qe8 26. Kh1 Qg6 27. b4 axb4 28. Bxb4 Ra8 29. Qb3 Rxa2 30. Rd2 Rxd2 31. Bxd2 Qf7 32. Ne4 Qh5 33. Ng3 Rxf3 34. Nxh5 Rxb3 35. Ng3 Kf7 36. Ne4 Bf5 37. Nc3 Bd3 38. Na4 Bg5 39. Bxg5 hxg5 40. Nc3 Bxc4 41. Kg1 Bd3 42. f3 b5 43. Kf2 b4 44. Ne4 Bxe4 45. Rc7+ Ke8 46. fxe4 Rb2+ 47. Kg3 Re2 48. Kf3 Rxh2 49. Rxg7 b3 50. Rxg5 Kd7 51. Rg7+ Kc8 52. Ke3 b2 53. Rg1 Kb7 54. Kd3 Kb6 55. Kc3 Kb5 56. Kb3 Re2 57. Rf1 Kc5 58. Kc3 Rxe4 59. Kxb2 Kxd5 60. Kc3 Rc4+ 0-1

[Event "Capablanca Memorial op 53rd"]
[Site "Havana"]
[Date "2018.05.09"]
[Round "1"]
[White "Alarcon Casellas, Rolando"]
[Black "Echevarria del Toro, Vladimir"]
[Result "0-1"]
[WhiteElo "2404"]
[BlackElo "2286"]
[PlyCount "90"]
[EventDate "2018.05.09"]
[EventType "swiss"]
[EventRounds "10"]
[EventCountry "CUB"]
[SourceTitle "EXT 2019"]
[Source "ChessBase"]
[SourceDate "2018.10.10"]
[SourceVersion "1"]
[SourceVersionDate "2018.10.10"]
[SourceQuality "1"]

1. d4 Nf6 2. Bg5 d5 3. Bxf6 exf6 4. e3 c6 5. c4 dxc4 6. Bxc4 Bd6 7. Ne2 f5 8. Qc2 g6 9. h4 h5 10. Nd2 Qe7 11. Nf3 Be6 12. Bxe6 Qxe6 13. Ng5 Bb4+ 14. Kf1 Qe7 15. Nf4 0-0 16. Qb3 Kg7 17. Nge6+ fxe6 18. Nxe6+ Kf6 19. Nxf8 Na6 20. a3 Bd6 21. Ne6 Qxe6 22. Qxb7 Qc4+ 23. Kg1 Rb8 24. Qd7 Bc7 25. b4 Rd8 26. Qh7 Qc3 27. Rb1 Qd3 28. Rc1 Qxa3 29. Rxc6+ Bd6 30. g4 fxg4 31. Qxa7 Qxb4 32. Qxa6 Qb1+ 33. Qf1 Qe4 34. Rb6 Kg7 35. Qg2 Qc2 36. Qc6 Qe2 37. Qb7+ Kh6 38. Rb2 Qd3 39. Qb3 Qe4 40. Qc2 Qf3 41. Qe2 Qe4 42. Qb5 Rc8 43. Rb1 g3 44. fxg3 Qxe3+ 45. Kf1 Rf8+ 0-1

[Event "Capablanca Memorial op-B 48th"]
[Site "Havana"]
[Date "2013.04.27"]
[Round "6"]
[White "Felix Vega, Aurora Edith"]
[Black "Echevarria del Toro, Vladimir"]
[Result "0-1"]
[WhiteElo "2010"]
[BlackElo "2145"]
[PlyCount "50"]
[EventDate "2013.04.21"]
[EventType "swiss"]
[EventRounds "9"]
[EventCountry "CUB"]
[SourceTitle "CBM 154 Extra"]
[Source "ChessBase"]
[SourceDate "2013.06.25"]
[SourceVersion "2"]
[SourceVersionDate "2013.06.25"]
[SourceQuality "1"]

1. e4 c5 2. Nf3 Nc6 3. d4 cxd4 4. Nxd4 g6 5. Nc3 Bg7 6. Be3 Nf6 7. Bc4 0-0 8. f3 Qb6 9. Ncb5 a6 10. Nf5 Qa5+ 11. Bd2 Qd8 12. Nxg7 axb5 13. Bxb5 Kxg7 14. Bc3 d6 15. g4 Kg8 16. g5 Nh5 17. Qd2 Qb6 18. Be2 Bh3 19. a3 Bg2 20. Rf1 Bxf1 21. Bxf1 Ne5 22. 0-0-0 Nxf3 23. Qe2 Ne5 24. Bd4 Qc6 25. Kb1 Rac8 0-1

[Event "Capablanca Memorial op-B 48th"]
[Site "Havana"]
[Date "2013.04.25"]
[Round "5"]
[White "Echevarria del Toro, Vladimir"]
[Black "Mastrapa Gonzalez, Roger Sandro"]
[Result "1/2-1/2"]
[WhiteElo "2145"]
[BlackElo "2207"]
[PlyCount "117"]
[EventDate "2013.04.21"]
[EventType "swiss"]
[EventRounds "9"]
[EventCountry "CUB"]
[SourceTitle "CBM 154 Extra"]
[Source "ChessBase"]
[SourceDate "2013.06.25"]
[SourceVersion "2"]
[SourceVersionDate "2013.06.25"]
[SourceQuality "1"]

1. e4 d6 2. d4 Nf6 3. Nc3 g6 4. Nf3 Bg7 5. h3 0-0 6. Be3 a6 7. a4 d5 8. Bd3 dxe4 9. Nxe4 Nd5 10. Bd2 Nc6 11. c3 e5 12. dxe5 Ndb4 13. Bb1 Nd3+ 14. Bxd3 Qxd3 15. Qe2 Nxe5 16. Nxe5 Qxe2+ 17. Kxe2 Bxe5 18. Kd3 f5 19. Nc5 b6 20. Nb3 f4 21. Nd4 Bd7 22. Rhe1 Rae8 23. Kc2 c5 24. Nf3 Bd6 25. b3 c4 26. Rxe8 Rxe8 27. Nd4 cxb3+ 28. Kxb3 Rc8 29. f3 Kf7 30. Be1 Rc5 31. c4 Rg5 32. Ra2 Bc5 33. Bc3 a5 34. Re2 h6 35. Bb2 Rg3 36. Bc3 Rg5 37. Bb2 Rh5 38. Re4 g5 39. Bc3 Bxh3 40. gxh3 Rxh3 41. Kc2 h5 42. Re5 Rg3 43. Ne6 Be7 44. Nd4 Bf6 45. Rf5 Kg6 46. Rxf6+ Kxf6 47. Ne2+ Kf5 48. Nxg3+ fxg3 49. Kd2 h4 50. Ke2 h3 51. Kf1 Kf4 52. Bd4 Kxf3 53. Kg1 g4 54. Bxb6 Ke4 55. Bxa5 Kd4 56. Bc7 Kxc4 57. Bxg3 Kb4 58. Kf2 Kxa4 59. Ke3 1/2-1/2

[Event "Capablanca Memorial op-B 48th"]
[Site "Havana"]
[Date "2013.04.21"]
[Round "1"]
[White "Echevarria del Toro, Vladimir"]
[Black "Torres Rosas, Rita Rosalia"]
[Result "1-0"]
[WhiteElo "2145"]
[BlackElo "1852"]
[PlyCount "65"]
[EventDate "2013.04.21"]
[EventType "swiss"]
[EventRounds "9"]
[EventCountry "CUB"]
[SourceTitle "CBM 154 Extra"]
[Source "ChessBase"]
[SourceDate "2013.06.25"]
[SourceVersion "2"]
[SourceVersionDate "2013.06.25"]
[SourceQuality "1"]

1. e4 c5 2. Nf3 a6 3. c3 g6 4. d4 Qc7 5. Be2 Bg7 6. 0-0 d6 7. Bf4 Nf6 8. e5 Nh5 9. exd6 exd6 10. Qd2 Nxf4 11. Qxf4 0-0 12. Nbd2 Qc6 13. Nc4 d5 14. Nce5 Qb6 15. Qd2 cxd4 16. cxd4 Bf5 17. Rac1 f6 18. Nd3 Nc6 19. Nc5 Rfe8 20. Rc3 Re7 21. Bd1 Be4 22. Ba4 Na5 23. Qc1 Bxf3 24. Rxf3 Qd6 25. Qc3 Nc6 26. Nxb7 Rxb7 27. Qxc6 Qc7 28. Qxd5+ Kh8 29. Rc3 Qe7 30. Re3 Qc7 31. Rfe1 Rbb8 32. Re7 Qb6 33. Bc6 1-0

[Event "Havana Province-ch sf Fase 1"]
[Site "Havana"]
[Date "2010.05.10"]
[Round "4"]
[White "Echevarria del Toro, Vladimir"]
[Black "Cardin Machado, David Gronet"]
[Result "1/2-1/2"]
[WhiteElo "2163"]
[BlackElo "2168"]
[PlyCount "97"]
[EventDate "2010.05.05"]
[EventType "swiss"]
[EventRounds "9"]
[EventCountry "CUB"]
[EventCategory "1"]
[SourceTitle "EXT 2019"]
[Source "ChessBase"]
[SourceDate "2018.10.10"]
[SourceVersion "1"]
[SourceVersionDate "2018.10.10"]
[SourceQuality "1"]

1. e4 e5 2. Nf3 Nc6 3. d4 exd4 4. Nxd4 Qf6 5. c3 Qg6 6. Qe2 a6 7. g3 Bc5 8. Nxc6 dxc6 9. Be3 Bxe3 10. Qxe3 Nf6 11. Bg2 0-0 12. 0-0 Qh5 13. Qf4 Bh3 14. Bxh3 Qxh3 15. f3 Rad8 16. Na3 Nh5 17. Qf5 Qxf5 18. exf5 Rd5 19. Kh1 b5 20. Rf2 Re8 21. Nc2 c5 22. Re1 Rxe1+ 23. Nxe1 Nf6 24. g4 h5 25. h3 Rd1 26. Re2 Kf8 27. Kh2 Nd5 28. Ng2 Rd3 29. Kg3 hxg4 30. hxg4 c4 31. Nf4 Nxf4 32. Kxf4 c5 33. g5 a5 34. f6 b4 35. Re5 gxf6 36. gxf6 bxc3 37. Rxc5 Ke8 38. bxc3 Rxc3 39. Rxa5 Rc1 40. Ra7 c3 41. Ke3 Re1+ 42. Kd3 Rf1 43. Re7+ Kf8 44. Re3 Rf2 45. Ke4 Rxa2 46. Rxc3 Kg8 47. Kf5 Ra5+ 48. Kg4 Kh7 49. f4 1/2-1/2